[Event "Mistrzostwa Polski Niepelnosprawnych w "]
[Site "Karpacz"]
[Date "2024.03.03"]
[Round "7.1"]
[White "Nowak, Lukasz"]
[Black "Putlak, Wojciech"]
[Result "1-0"]
[WhiteElo "2382"]
[BlackElo "1923"]
[PlyCount "71"]
[EventDate "2024.??.??"]

1. Nf3 Nf6 2. c4 e6 3. g3 d5 4. Bg2 Be7 5. O-O O-O 6. d4 c5 7. cxd5 exd5 8. b3
Nc6 9. Bb2 h6 10. Nc3 Be6 11. Rc1 cxd4 12. Nxd4 Nxd4 13. Qxd4 Qd7 14. Rfd1 Rfd8
15. Rd2 b6 16. Rcd1 Rac8 17. Qf4 Qc6 18. h3 Bd6 19. Qe3 Bc5 20. Qf3 Bb4 21. Rd3
Be7 22. Qe3 Rd7 23. Rc1 Qb7 24. Nb5 Rxc1+ 25. Qxc1 a6 26. Nd4 Rc7 27. Qd1 Bd7
28. e3 Ne4 29. Ne2 Bb5 30. Rxd5 Bxe2 31. Qd4 Nf6 32. Rd8+ Bxd8 33. Qxd8+ Kh7
34. Bxb7 Rxb7 35. Bxf6 gxf6 36. Qc8 1-0

[Event "Mistrzostwa Polski Niepelnosprawnych w s"]
[Site "Karpacz"]
[Date "2024.03.03"]
[Round "7.3"]
[White "Malecki, Eugeniusz"]
[Black "Racis, Michal"]
[Result "1-0"]
[WhiteElo "1938"]
[BlackElo "1847"]
[PlyCount "61"]
[EventDate "2024.??.??"]

1. e4 c5 2. f4 d5 3. e5 Nc6 4. c3 Nh6 5. Be2 e6 6. Nf3 Be7 7. O-O O-O 8. Na3 d4
9. d3 Rb8 10. c4 a6 11. Nd2 b5 12. b3 Nf5 13. Ne4 Ne3 14. Bxe3 dxe3 15. Nc2 f5
16. exf6 Bxf6 17. Nxf6+ Rxf6 18. g3 Nd4 19. Nxe3 Bb7 20. Ng4 Rf5 21. Ne5 Qc7
22. Bf3 Nxf3+ 23. Nxf3 Rd8 24. Qe2 Rf6 25. Ne5 Ba8 26. h4 Qd6 27. Qe3 Rff8 28.
Rfe1 Rfe8 29. Kh2 Qc7 30. cxb5 axb5 31. Rac1 1-0

[Event "Mistrzostwa Polski Niepelnosprawnych w s"]
[Site "Karpacz"]
[Date "2024.03.03"]
[Round "7.2"]
[White "Dukaczewski, Piotr"]
[Black "Dzieczkaniec, Piotr"]
[Result "1-0"]
[WhiteElo "2091"]
[BlackElo "1891"]
[PlyCount "61"]
[EventDate "2024.??.??"]

1. Nf3 Nf6 2. c4 e6 3. g3 Be7 4. Bg2 O-O 5. O-O d5 6. d4 c5 7. cxd5 Nxd5 8. e4
Nb6 9. dxc5 Bxc5 10. Qc2 Be7 11. Rd1 Qe8 12. Nc3 Na6 13. e5 Nb4 14. Qe2 N4d5
15. Ne4 Bd7 16. Nd4 Bc6 17. h4 Rd8 18. Bg5 h6 19. Nxc6 bxc6 20. Bxe7 Qxe7 21.
Rac1 Rc8 22. Nc5 Rfd8 23. a3 Nd7 24. Nb7 Rf8 25. Nd6 Rc7 26. f4 N7b6 27. b4 Nc8
28. Ne4 Ncb6 29. Rd4 Rd8 30. Qd2 Nc8 31. Nc5 1-0

[Event "Mistrzostwa Polski Niepelnosprawnych w s"]
[Site "Karpacz"]
[Date "2024.03.04"]
[Round "8.1"]
[White "Jurkiewicz, Krzysztof"]
[Black "Nowak, Lukasz"]
[Result "0-1"]
[WhiteElo "1926"]
[BlackElo "2382"]
[PlyCount "68"]
[EventDate "2024.??.??"]

1. d4 e6 2. c4 b6 3. Nc3 Bb4 4. Nf3 Bb7 5. g3 Bxc3+ 6. bxc3 Nf6 7. Bg2 d6 8.
O-O O-O 9. Nd2 Bxg2 10. Kxg2 e5 11. e4 Re8 12. f3 Nbd7 13. a4 c6 14. d5 Rc8 15.
Ba3 cxd5 16. cxd5 Nc5 17. Nb3 Nxa4 18. Bb4 Qd7 19. Qd2 a5 20. Bxd6 Rxc3 21.
Rxa4 Rxb3 22. Qa2 Rc3 23. Ra3 Rcc8 24. Bxe5 Rxe5 25. Qb2 Qc7 26. Rf2 Nd7 27.
Re2 Qc4 28. Rd2 f5 29. exf5 Rxd5 30. Re2 Rxf5 31. Rae3 Rb5 32. Qd2 Nf6 33. Qd6
Qd5 34. Qf4 Rb4 0-1

[Event "Mistrzostwa Polski Niepelnosprawnych w s"]
[Site "Karpacz"]
[Date "2024.03.04"]
[Round "8.2"]
[White "Dukaczewski, Piotr"]
[Black "Leszner, Liliana"]
[Result "*"]
[WhiteElo "2091"]
[BlackElo "1898"]
[PlyCount "72"]
[EventDate "2024.??.??"]

1. Nf3 g6 2. d4 Bg7 3. c4 c5 4. e4 cxd4 5. Nxd4 Nc6 6. Be3 d6 7. Nc3 Nf6 8. Be2
O-O 9. O-O Bd7 10. f3 a6 11. Qd2 Nxd4 12. Bxd4 Rc8 13. Rfd1 Be6 14. b3 Nd7 15.
Be3 b5 16. Rac1 bxc4 17. Nd5 Bxd5 18. Qxd5 cxb3 19. axb3 Rxc1 20. Rxc1 a5 21.
Rc6 Qb8 22. Bc4 Ne5 23. Rb6 Qc8 24. Ra6 Nxc4 25. Qxc4 Qxc4 26. bxc4 Bc3 27. c5
dxc5 28. Bxc5 Re8 29. Bb6 Rb8 30. Kf1 e5 31. Ke2 a4 32. Bc5 Rb2+ 33. Kd3 Bb4
34. Bxb4 Rxb4 35. Kc3 Rb3+ 36. Kc4 Rb2 *

[Event "Mistrzostwa Polski Niepelnosprawnych w s"]
[Site "Karpacz"]
[Date "2024.03.04"]
[Round "8.4"]
[White "Dzieczkaniec, Piotr"]
[Black "Stachanczyk, Jacek"]
[Result "1/2-1/2"]
[WhiteElo "1891"]
[BlackElo "2077"]
[PlyCount "90"]
[EventDate "2024.??.??"]

1. d4 d5 2. Nf3 Nf6 3. c4 c6 4. cxd5 cxd5 5. e3 Nc6 6. Nc3 Bf5 7. Qb3 Na5 8.
Qa4+ Bd7 9. Bb5 Nc6 10. Ne5 a6 11. Nxc6 axb5 12. Nxd8 bxa4 13. Nxb7 e6 14. O-O
Rb8 15. Nc5 Bxc5 16. dxc5 O-O 17. Rd1 Rfc8 18. e4 Rxc5 19. Be3 Ra5 20. Bd4 Nxe4
21. Nxe4 dxe4 22. Bc3 Ra7 23. a3 Bc6 24. Rac1 Bd5 25. Bb4 f6 26. g3 Kf7 27. Kf1
g5 28. Ke2 Kg6 29. Rc5 h5 30. Rdc1 Rh8 31. Rc7 Rxc7 32. Rxc7 h4 33. Bc3 Rd8 34.
Ke3 Ba8 35. Rc4 Rd3+ 36. Ke2 Bd5 37. Rd4 Rxd4 38. Bxd4 e5 39. Bb6 f5 40. Bc7 f4
41. Bxe5 Kf5 42. Bc7 Bc4+ 43. Ke1 fxg3 44. fxg3 h3 45. Kf2 g4 1/2-1/2

[Event "Mistrzostwa Polski Niepelnosprawnych w s"]
[Site "Karpacz"]
[Date "2024.03.04"]
[Round "8.3"]
[White "Seifert, Henryk"]
[Black "Malecki, Eugeniusz"]
[Result "1/2-1/2"]
[WhiteElo "2048"]
[BlackElo "1938"]
[PlyCount "66"]
[EventDate "2024.??.??"]

1. d4 d5 2. Nf3 Nf6 3. Bf4 e6 4. e3 Be7 5. h3 Nbd7 6. Nbd2 O-O 7. Bd3 c5 8. c3
c4 9. Bc2 b5 10. Ne5 Bb7 11. O-O Ne4 12. f3 Nxd2 13. Qxd2 f5 14. a4 Nxe5 15.
Bxe5 a6 16. g4 g6 17. Qh2 Bc6 18. axb5 axb5 19. Qg3 Bh4 20. Qh2 Be7 21. Kh1 h6
22. gxf5 exf5 23. Rg1 Rxa1 24. Rxa1 Bf6 25. Ra6 Qd7 26. Qg3 Bxe5 27. Qxg6+ Bg7
28. Qxc6 Qd8 29. f4 Kh8 30. Kg2 Qh4 31. Qxd5 Qe1 32. Bxf5 Qe2+ 33. Kh1 Rxf5
1/2-1/2

[Event "Mistrzostwa Polski Niepelnosprawnych w s"]
[Site "Karpacz"]
[Date "2024.03.05"]
[Round "9.5"]
[White "Siewert, Roman"]
[Black "Kornasiewicz, Stanislaw"]
[Result "1/2-1/2"]
[WhiteElo "1844"]
[BlackElo "2068"]
[PlyCount "26"]
[EventDate "2024.??.??"]

1. e4 d6 2. d4 Nf6 3. Bd3 g6 4. Ne2 Nbd7 5. O-O Bg7 6. c3 O-O 7. h3 c5 8. Be3
e5 9. d5 a6 10. a4 Re8 11. Na3 Rb8 12. Nc4 Qc7 13. a5 b5 1/2-1/2

[Event "Mistrzostwa Polski Niepelnosprawnych w s"]
[Site "Karpacz"]
[Date "2024.03.05"]
[Round "9.1"]
[White "Nowak, Lukasz"]
[Black "Seifert, Henryk"]
[Result "1/2-1/2"]
[WhiteElo "2382"]
[BlackElo "2048"]
[PlyCount "49"]
[EventDate "2024.??.??"]

1. e4 e6 2. d4 d5 3. Nc3 Nf6 4. Bg5 Be7 5. e5 Nfd7 6. h4 a6 7. Qg4 Bxg5 8. hxg5
c5 9. dxc5 Nc6 10. O-O-O Ndxe5 11. Qg3 f5 12. Nf3 Nxf3 13. gxf3 Qa5 14. Bd3 Bd7
15. Bxf5 O-O-O 16. Qd6 Qc7 17. Qxc7+ Kxc7 18. Bxh7 Rhf8 19. Bd3 Rxf3 20. Rh7
Rg8 21. Rf1 Ne5 22. Be2 Rf4 23. Bd1 Rf5 24. Ne2 Bb5 25. f4 1/2-1/2

[Event "Mistrzostwa Polski Niepelnosprawnych w s"]
[Site "Karpacz"]
[Date "2024.03.05"]
[Round "9.3"]
[White "Leszner, Liliana"]
[Black "Kozlowski, Franciszek"]
[Result "1/2-1/2"]
[WhiteElo "1898"]
[BlackElo "1948"]
[PlyCount "79"]
[EventDate "2024.??.??"]

1. e4 c6 2. d4 d5 3. Nc3 dxe4 4. Nxe4 Nd7 5. Bc4 Ngf6 6. Nxf6+ Nxf6 7. Nf3 e6
8. O-O Be7 9. Ne5 O-O 10. Bg5 h6 11. Bh4 c5 12. dxc5 Qc7 13. Qe2 Qxc5 14. Bd3
Nd7 15. Bxe7 Qxe7 16. Ng4 Nc5 17. Bc4 Bd7 18. Rfe1 Rad8 19. b4 Na4 20. a3 Bc6
21. b5 Bd5 22. Bxd5 Rxd5 23. Nxh6+ gxh6 24. Qg4+ Rg5 25. Qxa4 Qc5 26. Rab1 Rd8
27. Qf4 Qxc2 28. Qf6 Qd2 29. Rf1 Rg6 30. Qf3 Qd5 31. Qxd5 Rxd5 32. Rfc1 Rgg5
33. Rc8+ Kg7 34. a4 Rg4 35. Rc7 Rxa4 36. Rxb7 Rd2 37. b6 axb6 38. R7xb6 Raa2
39. Rf1 Re2 40. Rb3 1/2-1/2

[Event "Mistrzostwa Polski Niepelnosprawnych w s"]
[Site "Karpacz"]
[Date "2024.03.05"]
[Round "9.4"]
[White "Stachanczyk, Jacek"]
[Black "Piotrowski, Arkadiusz"]
[Result "1-0"]
[WhiteElo "2077"]
[BlackElo "1917"]
[PlyCount "117"]
[EventDate "2024.??.??"]

1. e4 c6 2. d4 d5 3. Nc3 dxe4 4. Nxe4 Nd7 5. Nf3 Ngf6 6. Nxf6+ Nxf6 7. Ne5 Bf5
8. c3 Qb6 9. Be2 h6 10. O-O e6 11. a4 a5 12. g3 Be7 13. Nc4 Qa7 14. Bf3 O-O 15.
Qe2 Qa6 16. Re1 Nd5 17. Bg2 Rfe8 18. Ne3 Qxe2 19. Rxe2 Bd3 20. Re1 Bd6 21. Bd2
Rad8 22. Bf1 Bxf1 23. Kxf1 Nb6 24. b3 Be7 25. Ke2 Rd7 26. Ng4 Bd6 27. Red1 h5
28. Ne3 Be7 29. Ng2 Bf6 30. Nf4 g6 31. Nd3 Rde7 32. Ne5 c5 33. dxc5 Nd5 34. f4
b6 35. c4 bxc5 36. cxd5 exd5 37. Kf3 Bxe5 38. fxe5 Rxe5 39. Bf4 Rf5 40. Kg2 g5
41. Bd6 d4 42. Rac1 Rc8 43. Rxd4 Re8 44. Rd2 Rd8 45. Bf4 Re8 46. Bc7 h4 47. Rf1
h3+ 48. Kg1 Rxf1+ 49. Kxf1 Re3 50. Rb2 Rf3+ 51. Ke2 Rf5 52. Bxa5 c4 53. b4 Re5+
54. Kd2 f5 55. b5 f4 56. gxf4 gxf4 57. Bc7 Rd5+ 58. Kc2 f3 59. b6 1-0